[Event "Vojvodina-chT 21st"]
[Site "Backa Palanka"]
[Date "2021.10.28"]
[Round "8.5"]
[White "Tepic, Boris"]
[Black "Stikovic, Dobrica"]
[Result "1/2-1/2"]
[WhiteElo "2160"]
[BlackElo "2163"]
[PlyCount "43"]
[EventDate "2021.10.23"]
[EventType "team-tourn"]
[EventRounds "11"]
[EventCountry "SRB"]
[SourceTitle "CBM 204 Extra"]
[Source "ChessBase"]
[SourceDate "2021.11.30"]
[SourceVersion "1"]
[SourceVersionDate "2021.11.30"]
[SourceQuality "1"]
[WhiteTeam "Backa Palanka"]
[BlackTeam "Novi Sad Vojvodina"]
[WhiteTeamCountry "SRB"]
[BlackTeamCountry "SRB"]

1. d4 d5 2. Nf3 Nf6 3. c4 e6 4. Nc3 Be7 5. Bg5 0-0 6. e3 a6 7. cxd5 exd5 8. Bd3 Nbd7 9. 0-0 Re8 10. Rc1 Nf8 11. Ne5 c6 12. Na4 N6d7 13. Bf4 Nxe5 14. Bxe5 Bd6 15. Bxd6 Qxd6 16. Nc5 Re7 17. b4 b6 18. Na4 Rb7 19. a3 Bd7 20. Rb1 Ne6 21. Qc2 h6 22. Rfc1 1/2-1/2

[Event "Vojvodina-chT 21st"]
[Site "Backa Palanka"]
[Date "2021.10.25"]
[Round "4.5"]
[White "Tepic, Boris"]
[Black "Dvornic, Mladen"]
[Result "1-0"]
[WhiteElo "2160"]
[BlackElo "2282"]
[PlyCount "95"]
[EventDate "2021.10.23"]
[EventType "team-tourn"]
[EventRounds "11"]
[EventCountry "SRB"]
[SourceTitle "CBM 204 Extra"]
[Source "ChessBase"]
[SourceDate "2021.11.30"]
[SourceVersion "1"]
[SourceVersionDate "2021.11.30"]
[SourceQuality "1"]
[WhiteTeam "Backa Palanka"]
[BlackTeam "Petrovaradin Kraljica"]
[WhiteTeamCountry "SRB"]
[BlackTeamCountry "SRB"]

1. c4 e5 2. Nc3 Nf6 3. Nf3 Nc6 4. g3 Bb4 5. Bg2 0-0 6. 0-0 Re8 7. a3 Bxc3 8. dxc3 e4 9. Nd4 d6 10. Nxc6 bxc6 11. Bg5 h6 12. Bxf6 Qxf6 13. Qd4 Qe5 14. f4 Qxd4+ 15. cxd4 f5 16. e3 Be6 17. Rfc1 Reb8 18. b4 a5 19. b5 cxb5 20. cxb5 Rxb5 21. Rxc7 Rb3 22. Rac1 Rab8 23. Re7 Rb1 24. Rxb1 Rxb1+ 25. Kf2 Rb2+ 26. Kg1 Rb1+ 27. Kf2 Rb2+ 28. Kg1 Bb3 29. g4 g6 30. gxf5 gxf5 31. Bh3 Re2 32. Bxf5 Kf8 33. Ra7 Rxe3 34. Rxa5 Rf3 35. Bxe4 Rxf4 36. Rf5+ Rxf5 37. Bxf5 Ke7 38. Kf2 Kf6 39. Bd7 Ke7 40. Bb5 Kd8 41. a4 Ke7 42. Ke3 Kf6 43. a5 Ke7 44. a6 Bd5 45. Bd3 Bc6 46. Kf4 Kf6 47. Be4 d5 48. Bf5 1-0

[Event "Vojvodina-chT 21st"]
[Site "Backa Palanka"]
[Date "2021.10.24"]
[Round "3.6"]
[White "Tepic, Boris"]
[Black "Radisavljevic, Dalibor"]
[Result "1/2-1/2"]
[WhiteElo "2160"]
[BlackElo "2172"]
[PlyCount "69"]
[EventDate "2021.10.23"]
[EventType "team-tourn"]
[EventRounds "11"]
[EventCountry "SRB"]
[SourceTitle "CBM 204 Extra"]
[Source "ChessBase"]
[SourceDate "2021.11.30"]
[SourceVersion "1"]
[SourceVersionDate "2021.11.30"]
[SourceQuality "1"]
[WhiteTeam "Backa Palanka"]
[BlackTeam "Opovo Bata Cosic"]
[WhiteTeamCountry "SRB"]
[BlackTeamCountry "SRB"]

1. d4 Nf6 2. Nf3 c5 3. d5 g6 4. Nc3 d6 5. e4 Bg7 6. Bb5+ Bd7 7. a4 0-0 8. 0-0 Na6 9. Re1 Nc7 10. Bf1 a6 11. a5 Nb5 12. h3 Rc8 13. Nxb5 axb5 14. c4 Ra8 15. e5 dxe5 16. Nxe5 Be8 17. b3 Rxa5 18. Rxa5 Qxa5 19. Nd3 bxc4 20. bxc4 b5 21. Bd2 Qd8 22. Nxc5 bxc4 23. Bxc4 Nxd5 24. Bg5 Bc6 25. Bxd5 Qxd5 26. Qxd5 Bxd5 27. Rxe7 Rc8 28. Rd7 Bc6 29. Rd8+ Rxd8 30. Bxd8 Bd4 31. Nd3 Be4 32. Ne1 f5 33. Bg5 Bc3 34. Nf3 Bxf3 35. gxf3 1/2-1/2

[Event "Vojvodina-chT 2nd League"]
[Site "Backa Palanka"]
[Date "2020.10.23"]
[Round "11.5"]
[White "Nestorovic, Dejan"]
[Black "Tepic, Boris"]
[Result "1-0"]
[WhiteElo "2348"]
[BlackElo "2151"]
[PlyCount "95"]
[EventDate "2020.10.16"]
[EventType "team-tourn"]
[EventRounds "11"]
[EventCountry "SRB"]
[SourceTitle "EXT 2022"]
[Source "ChessBase"]
[SourceDate "2021.10.06"]
[SourceVersion "1"]
[SourceVersionDate "2021.10.06"]
[SourceQuality "1"]
[WhiteTeam "Pancevo Gligoric"]
[BlackTeam "Backa Palanka"]
[WhiteTeamCountry "SRB"]
[BlackTeamCountry "SRB"]

1. d4 Nf6 2. c4 g6 3. Nc3 Bg7 4. e4 d6 5. Be2 0-0 6. Be3 c5 7. d5 e6 8. Nf3 exd5 9. cxd5 Bg4 10. Nd2 Bxe2 11. Qxe2 Re8 12. 0-0 a6 13. a4 Nbd7 14. Kh1 Rb8 15. a5 Qe7 16. f3 h6 17. Ra3 Ne5 18. Rb1 Nh5 19. g4 Nf6 20. b4 cxb4 21. Rxb4 Rec8 22. Rab3 h5 23. g5 Nh7 24. f4 Ng4 25. Bd4 Bxd4 26. Rxd4 Nxg5 27. fxg5 Qxg5 28. Nf3 Qf6 29. h3 Ne5 30. Nxe5 Qxe5 31. Rd3 Rc5 32. Ra3 Rbc8 33. Qf3 Rc4 34. Kg2 Qg5+ 35. Kf2 Qc1 36. Ne2 Qg5 37. Rdc3 Qh4+ 38. Kf1 R8c5 39. Rxc4 Rxc4 40. Re3 Ra4 41. Kg2 Rxa5 42. Qf4 Qe7 43. Rc3 Ra4 44. Kf3 a5 45. h4 Kg7 46. Ng3 Rb4 47. Rc8 a4 48. Nf5+ 1-0

[Event "Vojvodina-chT 2nd League"]
[Site "Backa Palanka"]
[Date "2020.10.20"]
[Round "6.4"]
[White "Gabric, Goran"]
[Black "Tepic, Boris"]
[Result "1/2-1/2"]
[WhiteElo "2206"]
[BlackElo "2151"]
[PlyCount "112"]
[EventDate "2020.10.16"]
[EventType "team-tourn"]
[EventRounds "11"]
[EventCountry "SRB"]
[SourceTitle "EXT 2022"]
[Source "ChessBase"]
[SourceDate "2021.10.06"]
[SourceVersion "1"]
[SourceVersionDate "2021.10.06"]
[SourceQuality "1"]
[WhiteTeam "Backa Pacir"]
[BlackTeam "Backa Palanka"]
[WhiteTeamCountry "SRB"]
[BlackTeamCountry "SRB"]

1. e4 c5 2. Nf3 d6 3. d4 cxd4 4. Nxd4 Nf6 5. Nc3 a6 6. Be3 e6 7. f3 b5 8. Qd2 Nbd7 9. 0-0-0 Bb7 10. g4 Nb6 11. g5 Nfd7 12. Rg1 Be7 13. Qf2 Rc8 14. Bh3 Rxc3 15. bxc3 Nc4 16. Nb3 0-0 17. Kb1 d5 18. exd5 Bxd5 19. Bf1 Qb8 20. f4 Rc8 21. Bd4 b4 22. Bd3 Nf8 23. Rg3 bxc3 24. Bxc4 Rxc4 25. Rxc3 Ng6 26. Rxc4 Bxc4 27. Bc5 Bd5 28. Bxe7 Nxe7 29. Qc5 Nf5 30. c4 Be4+ 31. Kb2 h6 32. gxh6 Qxf4 33. hxg7 Kxg7 34. Rd2 Ne3 35. Re2 Nf5 36. Nd2 Bb7 37. Qe5+ Qxe5+ 38. Rxe5 Kf6 39. Rc5 e5 40. Rc7 Bg2 41. Ra7 e4 42. Rxa6+ Ke5 43. c5 e3 44. Nc4+ Kd4 45. Nxe3 Nxe3 46. c6 Nc4+ 47. Kc2 Bh3 48. c7 Kd5 49. Rf6 Nd6 50. a4 Kc6 51. Rf3 Bc8 52. Rc3+ Kb7 53. h4 Ne8 54. h5 Nxc7 55. Rf3 Bg4 56. Rxf7 Bxh5 1/2-1/2

[Event "Vojvodina-chT 2nd League"]
[Site "Backa Palanka"]
[Date "2020.10.16"]
[Round "1.5"]
[White "Nagy, Attila N"]
[Black "Tepic, Boris"]
[Result "1-0"]
[WhiteElo "2251"]
[BlackElo "2151"]
[PlyCount "46"]
[EventDate "2020.10.16"]
[EventType "team-tourn"]
[EventRounds "11"]
[EventCountry "SRB"]
[SourceTitle "EXT 2022"]
[Source "ChessBase"]
[SourceDate "2021.10.06"]
[SourceVersion "1"]
[SourceVersionDate "2021.10.06"]
[SourceQuality "1"]
[WhiteTeam "Senta"]
[BlackTeam "Backa Palanka"]
[WhiteTeamCountry "SRB"]
[BlackTeamCountry "SRB"]

1. c4 c5 2. Nf3 Nc6 3. Nc3 Nf6 4. e3 g6 5. d4 Bg7 6. d5 Nb4 7. a3 Na6 8. e4 d6 9. Be2 0-0 10. 0-0 Bg4 11. Bf4 Bxf3 12. Bxf3 Nd7 13. Qd2 Nc7 14. Be2 Rb8 15. Bh6 Bxh6 16. Qxh6 e5 17. dxe6 fxe6 18. f4 Qe7 19. Rad1 Rbd8 20. Bg4 Nf6 21. Bf3 a6 22. Qg5 e5 23. fxe5 Qxe5 1-0